000 00381pam a2200157a 44500
008 230515b1990 xxu||||| |||| 00| 0 eng d
020 _aNULL
041 _aENG
082 _a616
100 _aR L Sauhami J Moxham
245 _aText book of Medicine
250 _a0
260 _aNULL
_b"Elbs Educational Low priced book schem, nd, "
_c1990
300 _a1198
650 _aN.D.
999 _c520320
_d520320